Essays on ´the welfare state´

Salvato in:
Dettagli Bibliografici
Autore principale: Titmuss, Richard (Autore)
Natura: Libro
Lingua:inglese
Pubblicazione: Bristol Policy Press 2019
Soggetti:
Tags: Aggiungi Tag
Nessun Tag, puoi essere il primo ad aggiungerne!!

MARC

LEADER 00000nam a22000003a 4500
001 0107075
003 SK-STU
005 20231218100958.9
007 ta
008 231218s ----xo-----e------000-0-----d
020 |a 978-1-4473-4954-9 
040 |a STU  |b slo 
041 0 |a eng 
044 |a xxk 
100 1 |a Titmuss, Richard  |4 aut 
245 1 0 |a Essays on ´the welfare state´ 
260 |a Bristol  |b Policy Press  |c 2019 
300 |a 197 s. 
650 0 7 |a sociálny vývoj 
650 0 7 |a sociológia organizácie 
650 0 7 |a sociológia podniku 
996 |b 284M089459  |c M* 14811-1  |l MMST  |s A  |a 24  |w 0107075_0001